| 000 | 01163nam0a2200253 4500 | ||
|---|---|---|---|
| 001 | RU\NLR\BIBL_A\022516316 | ||
| 005 | 20250806203651.0 | ||
| 035 | _a(NLR Aleph) 022516316 | ||
| 090 |
_a87784 _c87784 |
||
| 100 | _a20250408d1941 u y0rusy50 ca | ||
| 101 | 0 |
_atuk _crus |
|
| 102 | _aTM | ||
| 105 | _ay z 000yy | ||
| 181 | 0 |
_ai _baxxe |
|
| 182 | 0 | _an | |
| 200 | 1 |
_aСССР Гызыл Хач ве Гызыл Ярым Ай жемгиетлериниӊ илкинҗи гурамасы хакында дүзгүннама _fСССР Гызыл Хач (Красный Крест) ве Гызыл Ярым Ай җемгыети Сюзыныӊ Исполнитель Комитети |
|
| 203 |
_aТекст _bвизуальный _cнепосредственный |
||
| 210 |
_aАшгабат _cТүркмендѳвлетнешр _d1941 |
||
| 215 |
_a15,[1] c. _d22 |
||
| 541 | 1 |
_aПоложение о первичной организации общества Красного Креста и Красного Полумесяца _zrus |
|
| 942 | _cBOOK | ||
| 945 | _aРоссийская национальная библиотека | ||
| 980 | _aBV | ||